| 000 | 00971cam a2200277 4500 | ||
|---|---|---|---|
| 999 |
_c128895 _d128895 |
||
| 001 | 3147755 | ||
| 003 | ARRUPE | ||
| 005 | 20190205104725.0 | ||
| 008 | 730612s1972 enka 000 0 eng | ||
| 010 | _a 73331146 | ||
| 015 | _aB73-06071 | ||
| 020 | _a0903789000 | ||
| 040 |
_aDLC _cDLC _dDLC |
||
| 050 | 0 | 0 |
_aSPC. CC135 _b.L4 |
| 082 | 0 | 0 | _a930.1/028 |
| 100 | 1 |
_aLeigh, David, _d1943 January 11- _944369 |
|
| 245 | 1 | 0 |
_aFirst aid for finds: _ba practical guide for archaeologists, _cby David Leigh and others. |
| 260 |
_aWorcester, _bRescue; _aSouthampton, _bUniversity of Southampton, Department of Archaeology, _c1972. |
||
| 300 |
_a43 p. _billus. _c22 cm. |
||
| 350 | _a£0.50 | ||
| 490 | 1 | _aRescue. Publication, no. 1 | |
| 650 | 0 |
_aAntiquities _xCollection and preservation. _944370 |
|
| 650 | 0 |
_aArchaeology _xMethodology. _943835 |
|
| 810 | 2 |
_aRescue (Trust) _tPublication _vno. 1. _944371 |
|
| 906 |
_a7 _bcbc _corignew _d3 _encip _f19 _gy-gencatlg |
||
| 942 |
_2lcc _cSPC |
||